| 000 | 00844cam a2200277 u 4500 | ||
|---|---|---|---|
| 003 | MX-MxUPN | ||
| 005 | 20240314063654.0 | ||
| 008 | 100824s2007 sp a ar 000 0 spa d | ||
| 020 | _a1404268375 | ||
| 035 | _aUPN01000177489 | ||
| 040 |
_aMX-MxUPN _bspa |
||
| 041 | 1 |
_aspa _heng |
|
| 050 | 4 |
_aCE13 _bO43 2007 |
|
| 100 | 1 |
_aO'Mara, Blanche _934339 |
|
| 245 | 1 | 0 | _aUn año con Carmen |
| 260 |
_aNew York : _bRosen Classroom Books & Materials, _c2007. |
||
| 300 |
_a12 páginas : _bilustraciones a color |
||
| 490 | 0 | _aLecturas del barrio. Narrativa | |
| 650 | 4 |
_aCalendario _vLiteratura infantil _924634 |
|
| 650 | 4 |
_aCuentos infantiles estadounidenses _910762 |
|
| 700 | 1 |
_951347 _aBrusca, María Cristina _etraducción |
|
| 902 | _bVíctorGodínez/130324 | ||
| 905 | _aInfantil | ||
| 942 |
_2lcc _cLIBRO |
||
| 999 |
_c149592 _d149592 |
||